SQL, PL/SQL (Record no. 2668)

MARC details
000 -LEADER
fixed length control field 00383nam a22001697a 4500
005 - DATE AND TIME OF LATEST TRANSACTION
control field 20160614143217.0
008 - FIXED-LENGTH DATA ELEMENTS--GENERAL INFORMATION
fixed length control field 160614b xxu||||| |||| 00| 0 eng d
020 ## - INTERNATIONAL STANDARD BOOK NUMBER
ISBN 81-7656-964-X
041 ## - LANGUAGE CODE
Language code of text/sound track or separate title eng
082 ## - DEWEY DECIMAL CLASSIFICATION NUMBER
Item number 7464
100 ## - MAIN ENTRY--AUTHOR NAME
Personal name Bayross, Ivan
245 ## - TITLE STATEMENT
Title SQL, PL/SQL
260 ## - PUBLICATION, DISTRIBUTION, ETC. (IMPRINT)
Name of publisher BPB Publishing
300 ## - PHYSICAL DESCRIPTION
Number of Pages 443
650 ## - SUBJECT ADDED ENTRY--TOPICAL TERM
Topical Term Information Technology
942 ## - ADDED ENTRY ELEMENTS (KOHA)
Koha item type Books
Holdings
Lost status Damaged status Collection code Home library Current library Shelving location Date acquired Cost, normal purchase price Full call number Accession Number Koha item type
    CS/IT JRU Library JRU Library SHELF-54-F 14/06/2016 360.00 005.133 7464 Books